Countries I Visited (hwes) - Statistics

General Stats
  • This quiz has been taken 64 times
    7 since last reset
  • The average score is 28 of 31
Answer Stats
B# Country % Correct
3 Croatia
100%
1 Denmark
100%
2 Finland
100%
5 France
100%
6 Germany
100%
0 Greece
100%
1 Ireland
100%
3 Italy
100%
4 Poland
100%
1 Portugal
100%
4 Russia
100%
4 Slovenia
100%
2 Spain
100%
1 Sweden
100%
1 United Kingdom
100%
1 United States
100%
1 Vatican City
100%
4 Austria
86%
3 Belgium
86%
1 Canada
86%
3 Czechia
86%
0 Iceland
86%
3 Latvia
86%
3 Lithuania
86%
1 Montenegro
86%
2 Netherlands
86%
1 Turkey
86%
2 Estonia
71%
2 Hungary
71%
1 Monaco
71%
0 Cuba
57%
No matching quizzes found
Score Distribution
Percent of People with Each Score
Percentile by Number Answered
Your Score History
You have not taken this quiz since the last reset